Statistics for FC Barcelona Squad 2005-2006

Click here to take the quiz!

General Stats

  • This quiz has been taken 107 times
    (106 since last reset)
  • The average score is 14 of 24

Answer Stats

#PositionNationPlayer% Correct
30FWArgentinaLionel Messi
96%
9FWCameroonSamuel Eto'o
92%
10MFBrazilRonaldinho
91%
1GKSpainVíctor Valdés
91%
6MFSpainXavi Hernández
87%
5DFSpainCarles Puyol
85%
24MFSpainAndrés Iniesta
83%
4DFMexicoRafael Márquez
83%
20MFPortugalDeco
72%
7FWSwedenHenrik Larsson
70%
-CoachNetherlandsFrank Rijkaard
66%
12DFNetherlandsGiovanni van Bronckhorst
58%
8FWFranceLudovic Giuly
53%
2DFBrazilJuliano Belletti
49%
3MFItalyThiago Motta
49%
15MFBrazilEdmílson
43%
16DFBrazilSylvinho
43%
17MFNetherlandsMark van Bommel
42%
23DFSpainOleguer Presas
40%
11FWArgentinaMaxi López
34%
25GKSpainAlbert Jorquera
26%
18MFSpainGabri
15%
14FWSpainSantiago Ezquerro
9%
32DFSpainDamià Abella
8%

Score Distribution

Percentile by Number Answered

Percent of People with Each Score

Your Score History

You have not taken this quiz since the last reset